<?xml version="1.0" encoding="UTF-8"?>
<collection xmlns="http://www.loc.gov/MARC21/slim">
  <record>
    <leader>00000nam  2200000   4500</leader>
    <controlfield tag="001">INLIS000000000016045</controlfield>
    <controlfield tag="005">20231023085235</controlfield>
    <datafield tag="035" ind1="#" ind2="#">
      <subfield code="a">0010-1023000127</subfield>
    </datafield>
    <controlfield tag="007">ta</controlfield>
    <controlfield tag="008">231023################g##########f#ind##</controlfield>
    <datafield tag="020" ind1="#" ind2="#">
      <subfield code="a">978-623-293-690-4</subfield>
    </datafield>
    <datafield tag="082" ind1="#" ind2="#">
      <subfield code="a">813</subfield>
    </datafield>
    <datafield tag="084" ind1="#" ind2="#">
      <subfield code="a">813 AGU s</subfield>
    </datafield>
    <datafield tag="100" ind1=" " ind2="#">
      <subfield code="a">Agus Setiawan, dkk</subfield>
    </datafield>
    <datafield tag="245" ind1="1" ind2="#">
      <subfield code="a">Senandung Cinta dari Pesantren :</subfield>
      <subfield code="b">Seri pesantren menulis ke-5 /</subfield>
      <subfield code="c">Agus Setiawan</subfield>
    </datafield>
    <datafield tag="250" ind1="#" ind2="#">
      <subfield code="a">1</subfield>
    </datafield>
    <datafield tag="260" ind1="#" ind2="#">
      <subfield code="a">Yogyakarta :</subfield>
      <subfield code="b">Diva Press,</subfield>
      <subfield code="c">2022</subfield>
    </datafield>
    <datafield tag="300" ind1="#" ind2="#">
      <subfield code="a">340 hal. ;</subfield>
      <subfield code="c">20 cm</subfield>
    </datafield>
    <datafield tag="856" ind1="#" ind2="#">
      <subfield code="a">Perpustakaan LAN Pusat</subfield>
    </datafield>
    <datafield tag="650" ind1="#" ind2="4">
      <subfield code="a">Novel</subfield>
    </datafield>
    <datafield tag="520" ind1="#" ind2="#">
      <subfield code="a">Cinta adalah seni. Artinya, cinta membutuhkan pengetahuan dan upaya yang gigih. Pengetahuan akan memperkaya perspektif setiap orang dalam memahami cinta. Sebab apa? sebab manusia diberi nalar (akal). Kehidupan manusia, kata Erich Fromm, adalah kehidupan yang sadar akan dirinya sendiri. Dia memiliki kesadaran atas dirinya, atas masa lalunya, atas masa kininya, dan kemungkinan masa depannya. Oleh karena itu, dunia pesantren mempersepsi cinta dengan kreatif, melalui metode dan kedekatan khas, Ke khasan itu biasanya direlevansikan dengan pemahaman keagamaannya; cinta kepada Alloh, cinta kepada Nabi, cinta kepada Kiai, bahkan cinta kepada sesama santri. Tidak ada yang lebih agung, melainkan cinta itu sendiri.</subfield>
    </datafield>
    <datafield tag="990" ind1="#" ind2="#">
      <subfield code="a">231019811</subfield>
    </datafield>
  </record>
</collection>
